000 00453nam a2200181Ia 4500
001 3095
005 20260306144855.0
008 260306t1997||||xx |||||||||||||| ||spa||
041 _aESP
082 _a250.87
_bE391
100 _aLópez Trujillo, Alphonsus
_eAUT
245 0 _aEvangelium vitae e diritto evagelium vitae end law
260 _c1997
300 _a629 páginas :
_c25 cm.
650 _aGEN
654 _aCHU
942 _cLIB
_dJUS
_fJUS
_2ddc
_n
999 _c3095
_d3095